000 00471nam a2200145Ia 4500
041 _aArabic
082 _a341,2 cut-922 ج
100 _a20260118u\\\\\\\\\\\y0engy0103\\\\ba
100 _aفخري جعفر احمد علي الحسيني
245 0 _aدور الادعاء العام في القضاء الدولي الجنائي
250 _aط1
260 _bمنشورات زين الحقوقية
_aبيروت - لبنان
_c2016
300 _a224
942 _cBk
999 _c188264
_d188264